00532nam a2200181Ia 450000500170000000800410001702000180005804100120007608200150008810000190010324500940012225000120021626000350022830000200026365000300028365000150031365000220032820260429112023.0260429s9999||||xx |||||||||||||| ||und|| a9781032727493 aEnglish a371.1bLEM aLemon, Narelle 0a‘How’ of self-care for teachers : bbuilding your wellbeing toolbox / cNarelle Lemon a1st ed. aNew York : bRoutledge,c2025. axv, 377 p.; pbk a Professional development a Self-care aTeacher wellbeing